|
|
|
|
| LEADER |
00000nab a2200000 a 4500 |
| 001 |
vtls000666238 |
| 003 |
SK-MaSNL |
| 005 |
20260304000122.0 |
| 008 |
180205c1998 xo 0 slo |
| 015 |
|
|
|a SNBRB1998/09-25490
|
| 035 |
|
|
|a CLN000018422
|
| 040 |
|
|
|a SNKBUCL
|b slo
|c SNKBUCL
|e AACR2
|
| 041 |
0 |
|
|a slo
|
| 044 |
|
|
|a xo
|c SK
|
| 080 |
|
|
|a 745.52.071.1
|2 UDC-MRF-SK2
|
| 100 |
1 |
|
|a Dvořáková, Helena,
|d 1943-
|4 aut
|9 105433
|
| 245 |
1 |
0 |
|a Najväčší úspech majú kypré telá
|b dôverná návšteva v pracovni Anny Hroššovej
|c Helena Dvořáková
|
| 600 |
1 |
7 |
|a Hroššová, Anna
|2 snkbucl
|9 1275362
|
| 655 |
|
7 |
|a články z novín a časopisov
|2 snkbucl
|9 267496
|
| 773 |
0 |
|
|t Pravda
|g Roč. 8, č. 205 (5.9.1998)
|
| 773 |
0 |
|
|t [Príl.] Sobota
|g Č. 36 (1998), s. 11
|
| 850 |
|
|
|a Slovenská národná knižnica v Martine
|
| 852 |
|
|
|a SNK
|b KIS3GCP
|
| 958 |
|
|
|a RBX
|
| 999 |
|
|
|c 2529621
|d 2531551
|